Prevention and treatment of suicidal behaviour (Record no. 157266)
[ view plain ]
| 000 -LEADER | |
|---|---|
| fixed length control field | 00579nam a2200193Ia 4500 |
| 003 - CONTROL NUMBER IDENTIFIER | |
| control field | OSt |
| 005 - DATE AND TIME OF LATEST TRANSACTION | |
| control field | 20251104174609.0 |
| 008 - FIXED-LENGTH DATA ELEMENTS--GENERAL INFORMATION | |
| fixed length control field | 210423s2005 xx 000 0 und d |
| 040 ## - CATALOGING SOURCE | |
| Transcribing agency | AL |
| 041 ## - LANGUAGE CODE | |
| Language code of text/sound track or separate title | English |
| 082 ## - DEWEY DECIMAL CLASSIFICATION NUMBER | |
| Classification number | 362.28 |
| Item number | HAWP |
| 100 ## - MAIN ENTRY--PERSONAL NAME | |
| Personal name | Keith Hawton |
| 9 (RLIN) | 87171 |
| 245 ## - TITLE STATEMENT | |
| Title | Prevention and treatment of suicidal behaviour |
| Remainder of title | : from science to practice |
| 260 ## - PUBLICATION, DISTRIBUTION, ETC. | |
| Name of publisher, distributor, etc. | Oxford University Press |
| Date of publication, distribution, etc. | 2005 |
| 300 ## - PHYSICAL DESCRIPTION | |
| Extent | xiii,379p. |
| Other physical details | PB |
| Dimensions | 23x15.4cm. |
| 365 ## - TRADE PRICE | |
| Price amount | 3887 |
| Currency code | INR |
| 906 ## - LOCAL DATA ELEMENT F, LDF (RLIN) | |
| a | behaviour: ; practice. ; Prevention ; science ; suicidal ; treatment |
| 942 ## - ADDED ENTRY ELEMENTS (KOHA) | |
| Source of classification or shelving scheme | Dewey Decimal Classification |
| Koha item type | Book |
| Withdrawn status | Lost status | Source of classification or shelving scheme | Damaged status | Not for loan | Collection code | Home library | Current library | Date acquired | Source of acquisition | Cost, normal purchase price | Total Checkouts | Full call number | Barcode | Date last seen | Date last checked out | Price effective from | Koha item type |
|---|---|---|---|---|---|---|---|---|---|---|---|---|---|---|---|---|---|
| Dewey Decimal Classification | Corporate Psychology | St Aloysius PG Library | St Aloysius PG Library | 10/05/2009 | Athulya Books | 3887.00 | 1 | 362.28 HAWP | PG003742 | 03/04/2024 | 03/04/2024 | 04/26/2021 | Book |